The Ayatollah and I /

Bibliographic Details
Main Author: Khorsandi, Hadi, 1943-
Other Authors: Javan, Ehssan
Format: Book
Language:English
Published: New York : Readers International, [1987]
Subjects:

MARC

Tag First Indicator Second Indicator Subfields
LEADER 00000cam a2200000 a 4500
001 in00000015271
005 20151007053024.0
008 880119s1987 nyu 00010 eng d
020 |a 0930523369 
020 |a 0930523377 (pbk.) 
035 |a (OCoLC)17361000 
035 |9 AAB0087AM 
040 |a DPL  |c DPL  |d WAU  |d TXA  |d UtOrBLW 
041 1 |a eng  |h per 
043 |a a-ir--- 
049 |a TXAM  |c [A12610119] 
050 4 |a PN6231.P6  |b K4813 1987 
100 1 |a Khorsandi, Hadi,  |d 1943- 
245 1 4 |a The Ayatollah and I /  |c Hadi Khorsandi ; translated by Ehssan Javan. 
264 1 |a New York :  |b Readers International,  |c [1987] 
264 4 |c ©1987 
300 |a 160 pages ;  |c 21 cm. 
336 |a text  |b txt  |2 rdacontent 
337 |a unmediated  |b n  |2 rdamedia 
338 |a volume  |b nc  |2 rdacarrier 
500 |a "These pieces appeared in Persian in the journal Asghar Agha, published in London by the author, between 1979 and 1987". 
651 0 |a Iran  |x Politics and government  |y 1979-1997  |x Anecdotes. 
650 0 |a Political satire, Iranian. 
700 1 |a Javan, Ehssan. 
999 |a MARS 
999 f f |s 471a9d4d-c417-3e08-b1a6-7b3455d4e92c  |i 2bd8e94f-9738-3165-8565-941cb89d8e86  |t 0 
952 f f |p ric  |a Texas A&M University  |b Rellis Campus  |c Joint Library Facility  |d Remote Storage  |t 0  |e PN6231.P6 K4813 1987  |h Library of Congress classification  |i unmediated -- volume  |m A14812610119 
998 f f |a PN6231.P6 K4813 1987  |t 0  |l Remote Storage